000 01498nam0a22003851 4500
001 RU\NLR\Evr\398
005 20251202160538.0
035 _a(NLR Aleph) 011416810
090 _a11588430
_c11588430
100 _a20060806d1927 u y0rusy50 ca
101 1 _ayid
102 _aRU
105 _ay |||||||||
200 1 _6a01
_7ba
_aBolshevikes
_fD. Stonov
_gYidish - Y. Levin
210 _6a01
_aMoskve
_cTsentraler felker-farlag fun FSSR
_d1927
_7ba
210 _6a01
_9z02
_aמאָסקווע
_cצענטראלער פעלקער-פארלאג פון פססר
_d1927
210 _9z02
_aМосква
_cЦентральное издательство народов СССР
_d1927
_7ca
215 _a47 с.
_d18 см.
510 1 _6a01
_aבאָלשעוויקעס
_fד. סטאָנאָוו
_gידיש - י. לעווין
541 1 _aБольшевики
_zrus
700 1 _6a01
_aСтонов
_bД.М.
_f1898-1962
_gДмитрий Миронович
_3RU\NLR\AUTH\7952346
_4070
_7ca
702 1 _6a01
_aЛевин
_bЯ.
_f1888-1937
_gЯнкель
_3RU\NLR\AUTH\7952344
_4730
_7ca
702 1 _6a01
_aLevin
_bI.
_4730
_7ba
702 1 _6a01
_aללעווין
_b.אי
_4730
790 1 _6a01
_aStonov
_bD.
_4070
_7ba
790 1 _6a01
_aסטאָנאָוו
_bד.
_4070
801 0 _aRU
_bNLR
_c20060806
_gpsbo
801 0 _aRU
_bNLR
_gPSBO
801 1 _aRU
_bNLR
_c20060806
_2rusmarc
801 2 _aRU
_bNLR
_c20061126
_2rusmarc
852 _aNLR
_bОЛСАА/идиш
_jК-850
942 _cBOOK
980 _aNB
980 1 _aIDISH